| 000 | 00000nam##2200000za#4500 |
| 001 | 9.683537 |
| 003 | CaOODSP |
| 005 | 20210615133625 |
| 007 | ta |
| 008 | 150407|2007||||xxc||||| f|0| 0 fre|d |
| 020 | |a0-662-72902-1 |
| 040 | |aCaOODSP|bfre |
| 043 | |an-cn--- |
| 086 | 1 |aH164-38/2-2007F |
| 110 | 1 |aCanada. |bDirection générale des produits de santé et des aliments. |
| 245 | 10|aBien manger avec le Guide alimentaire canadien - ressource à l'intention des éducateurs et communicateurs |
| 260 | |aOttawa - Ontario : |bSanté Canada. |c2007. |
| 300 | |ai, 49p. : |bill. ; |c28 cm. + |e«Bien manger avec le guide alimentaire canadien» [brochure] et «Bien manger, c'est pour la vie» [brochure]. |
| 520 | 3 |aCette ressource renferme des informations contextuelles ainsi que des trucs et des outils qui complètent les recommandations du Guide alimentaire canadien – un document de base qui traduit la science entourant la nutrition et la santé en un modèle de saine alimentation destiné à combler les besoins nutritionnels tout en réduisant les risques d’obésité et de maladies chroniques. On peut l’utiliser pour rédiger des articles ou faire des exposés sur l’importance de bien manger; élaborer ou promouvoir des politiques en matière de nutrition; et créer de nouveaux outils et ressources. Comprend un exemplaire du Guide alimentaire canadien et une affiche promotionnelle. |
| 563 | |aReliure à spirale |
| 590 | |a07-08|b2007-02-23 |
| 691 | 07|aAlimentation|2gcpds |
| 775 | 08|tEating well with Canada's food guide - a resource for educators and communicators |w(CaOODSP)9.650419 |
| 776 | 0#|tBien manger avec le Guide alimentaire canadien - ressource à l'intention des éducateurs et communicateurs |w(CaOODSP)9.633401 |
| 986 | |aSC Pub.: 4670 |